Drivers of Deindustrialisation: Sub-system Analysis of Internationally Fragmented Production Structures

Hnacie sily deindustrializácie vo veľkých rozvinutých krajinách za posledné dve desaťročia. Význam výroby pre svetové hospodárstvo sa v skúmanom období neznížil.

Enregistré dans:
Détails bibliographiques
Auteur principal: Stracová, Erika, 1993-
Autres auteurs: Lábaj, Martin, 1982-
Format: Chapitre de livre
Langue:anglais
Sujets:
Tags: Ajouter un tag
Pas de tags, Soyez le premier à ajouter un tag!

MARC

LEADER 00000naa a2200000 4500
001 0258977
005 20240502074110.2
041 0 |a eng 
044 |a SK 
245 1 0 |a Drivers of Deindustrialisation: Sub-system Analysis of Internationally Fragmented Production Structures  |c Erika Stracová, Martin Lábaj 
520 |a Hnacie sily deindustrializácie vo veľkých rozvinutých krajinách za posledné dve desaťročia. Význam výroby pre svetové hospodárstvo sa v skúmanom období neznížil. 
610 2 0 |a industrializácia 
610 2 0 |a priemysel spracovateľský 
100 1 |a Stracová, Erika, 1993- 
700 1 |a Lábaj, Martin, 1982-